Hotels and Resorts:Planting Design and Refurbiahment (Record no. 9346)

MARC details
000 -LEADER
fixed length control field 00618nam a22002177a 4500
003 - CONTROL NUMBER IDENTIFIER
control field OSt
005 - DATE AND TIME OF LATEST TRANSACTION
control field 20240902144318.0
008 - FIXED-LENGTH DATA ELEMENTS--GENERAL INFORMATION
fixed length control field 240902b |||||||| |||| 00| 0 eng d
020 ## - INTERNATIONAL STANDARD BOOK NUMBER
International Standard Book Number 0750618612
040 ## - CATALOGING SOURCE
Transcribing agency MUST
050 ## - LIBRARY OF CONGRESS CALL NUMBER
Classification number 647.94LAW1995
100 ## - MAIN ENTRY--PERSONAL NAME
Personal name LAWSON FRED
9 (RLIN) 19090
245 ## - TITLE STATEMENT
Title Hotels and Resorts:Planting Design and Refurbiahment
260 ## - PUBLICATION, DISTRIBUTION, ETC. (IMPRINT)
Place of publication, distribution, etc. New Delhi
Name of publisher, distributor, etc. Elsevier
Date of publication, distribution, etc. c1995
300 ## - PHYSICAL DESCRIPTION
Extent vii,348p. :
Other physical details ill.
Dimensions 28cm
440 ## - SERIES STATEMENT/ADDED ENTRY--TITLE
Title Hotels and Resorts:Planting Design and Refurbiahment
9 (RLIN) 19091
500 ## - GENERAL NOTE
General note index, bibliography
600 ## - SUBJECT ADDED ENTRY--PERSONAL NAME
Source of heading or term Hotels planning
600 ## - SUBJECT ADDED ENTRY--PERSONAL NAME
Source of heading or term Resorts design
942 ## - ADDED ENTRY ELEMENTS (KOHA)
Source of classification or shelving scheme Dewey Decimal Classification
Koha item type Book
Holdings
Withdrawn status Lost status Source of classification or shelving scheme Damaged status Not for loan Home library Current library Date acquired Source of acquisition Inventory number Total Checkouts Full call number Barcode Date last seen Copy number Price effective from Koha item type
    Dewey Decimal Classification     MUST Main Library MUST Main Library 02/09/2024 Donation 2001/15517   647.94LAW1995 2024-22304 02/09/2024 2024-22304 02/09/2024 Book